MARC details
| 000 -CABECERA |
| campo de control de longitud fija |
02857nam a2200361 a 4500 |
| 001 - NÚMERO DE CONTROL |
| campo de control |
000112197 |
| 003 - IDENTIFICADOR DEL NÚMERO DE CONTROL |
| campo de control |
CHAP |
| 005 - FECHA Y HORA DE LA ÚLTIMA TRANSACCIÓN |
| campo de control |
20251024102349.0 |
| 008 - DATOS DE LONGITUD FIJA--INFORMACIÓN GENERAL |
| campo de control de longitud fija |
160113s2015 mx |sm |||||||spa d |
| 040 ## - FUENTE DE LA CATALOGACIÓN |
| Centro/agencia transcriptor |
CHAP |
| 090 ## - LOCALMENTE ASIGNADO TIPO-LC NÚMERO DE CLASIFICACIÓN (OCLC); NÚMERO DE CLASIFICACIÓN LOCAL (RLIN) |
| Número de clasificación (OCLC) (R) ; Numero de clasificación, CALL (RLIN) (NR) |
Tesis |
| 100 1# - ENTRADA PRINCIPAL--NOMBRE DE PERSONA |
| Nombre de persona |
Martínez Rocha, Ricardo Emmanuel |
| 9 (RLIN) |
130393 |
| 245 10 - MENCIÓN DE TÍTULO |
| Título |
Análisis de pedigrí de bovinos romosinuano en México |
| Mención de responsabilidad, etc. |
por Ricardo Emmanuel Martínez Rocha; director Rodolfo Ramírez Valverde |
| 264 ## - PRODUCCIÓN, PUBLICACIÓN, DISTRIBUCIÓN, FABRICACIÓN Y COPYRIGHT |
| Producción, publicación, distribución, fabricación y copyright |
Chapingo, Méx. : |
| Nombre del de productor, editor, distribuidor, fabricante |
El autor, |
| Fecha de producción, publicación, distribución, fabricación o copyright |
2015. |
| 336 ## - TIPO DE CONTENIDO |
| Fuente |
rdacontent |
| Término de tipo de contenido |
texto |
| Código de tipo de contenido |
txt |
| 337 ## - TIPO DE MEDIO |
| Fuente |
rdamedia |
| Nombre/término del tipo de medio |
computadora |
| Código del tipo de medio |
c |
| 338 ## - TIPO DE SOPORTE |
| Fuente |
rdacarrier |
| Nombre/término del tipo de soporte |
recurso en línea |
| Código del tipo de soporte |
cr |
| 502 ## - NOTA DE TESIS |
| Tipo de título |
Ingeniero Agrónomo Especialista en Zootecnia |
| Nombre de la institución que otorga el título |
Departamento de Enseñanza, Investigación y Servicio en Zootecnia, |
| Año de obtención del título |
2015 |
| 520 ## - SUMARIO, ETC. |
| Sumario, etc. |
La estructura genética de la población de ganado Romosinuano en México fue determinada mediante un análisis de pedigrí. Los análisis se realizaron con el programa ENDOG (4.8) para el total del pedigrí (TP), que incluyó todos los animales inscritos en el libro genealógico de la raza, y para una población de referencia (PR), la cual consideró los animales nacidos del 2005 a la fecha del último registro (2014), la cual se supone son los animales potencialmente vivos. El pedigrí incluyó 2,951 animales en el TP y 1,474 en la PR. Los parámetros poblacionales de diversidad genética evaluados fueron: intervalo generacional (IG), integridad del pedigrí (IP), máximo número de generaciones trazadas (MGT), número de generaciones completas equivalentes (GCE), coeficiente de consanguinidad (F), coeficiente de parentesco promedio (AR), número equivalente de fundadores (𝑓𝑒), número efectivo de ancestros (𝑓𝑎), y tamaño efectivo de población (𝑁𝑒). El IG fue 6.6 y 6.7 años para el TP y la PR; y la IP calculada con el MGT y el GCE fue 5.83 y 2.83. El F promedio (1.6 y 2.5% para TP y PR) y el AR (3.5 y 4.5% para TP y PR) fueron relativamente altos; el porcentaje de animales con un F mayor que 6.25% fue de 7.1% en el TP y 12.2% en la PR. La relación (𝑓𝑎/𝑓𝑒) indicó la existencia de cuellos de botella genéticos (0.41 en la PR), debido al uso de un número reducido de reproductores en ciertas generaciones. Los 𝑁𝑒 calculados por diferentes métodos (69.8, 24.7 y 23.6) muestran una variabilidad genética reducida en esta población. |
| 650 14 - PUNTO DE ACCESO ADICIONAL DE MATERIA--TÉRMINO DE MATERIA |
| Término de materia o nombre geográfico como elemento de entrada |
Ganado Romosinuano |
| Subdivisión general |
Genealogía. |
| 9 (RLIN) |
130395 |
| 650 14 - PUNTO DE ACCESO ADICIONAL DE MATERIA--TÉRMINO DE MATERIA |
| Término de materia o nombre geográfico como elemento de entrada |
Ganado vacuno |
| Subdivisión general |
Genética. |
| 9 (RLIN) |
45470 |
| 650 14 - PUNTO DE ACCESO ADICIONAL DE MATERIA--TÉRMINO DE MATERIA |
| Término de materia o nombre geográfico como elemento de entrada |
Ganado vacuno |
| Subdivisión general |
Razas. |
| 9 (RLIN) |
45509 |
| 650 14 - PUNTO DE ACCESO ADICIONAL DE MATERIA--TÉRMINO DE MATERIA |
| Término de materia o nombre geográfico como elemento de entrada |
Recursos genéticos |
| Subdivisión general |
Conservación. |
| 9 (RLIN) |
95081 |
| 700 0# - PUNTO DE ACCESO ADICIONAL--NOMBRE DE PERSONA |
| Nombre de persona |
Ramírez Valverde, Rodolfo |
| 9 (RLIN) |
94316 |
| 856 ## - LOCALIZACIÓN Y ACCESO ELECTRÓNICOS |
| Identificador Uniforme del Recurso |
http://10.13.5.2/tesis/sist112197.pdf |
| Nota pública |
DESCARGAR PDF |
| 942 ## - ELEMENTOS DE PUNTO DE ACCESO ADICIONAL (KOHA) |
| Tipo de ítem Koha |
Tesis digital |
| Fuente del sistema de clasificación o colocación |
Clasificación Universidad Autónoma Chapingo |
| 590 ## - NOTA LOCAL (RLIN) |
| Nota local |
BATCH-UPD |
| Procedencia (VM) [OBSOLETO] |
05 |
| Condición del los carretes individuales (VM) [OBSOLETO] |
20160114 |
| 590 ## - NOTA LOCAL (RLIN) |
| Nota local |
E5652GLJ |
| Procedencia (VM) [OBSOLETO] |
05 |
| Condición del los carretes individuales (VM) [OBSOLETO] |
20160113 |
| 590 ## - NOTA LOCAL (RLIN) |
| Nota local |
E5652GLJ |
| Procedencia (VM) [OBSOLETO] |
05 |
| Condición del los carretes individuales (VM) [OBSOLETO] |
20160114 |
| 590 ## - NOTA LOCAL (RLIN) |
| Nota local |
E5652GLJ |
| Procedencia (VM) [OBSOLETO] |
05 |
| Condición del los carretes individuales (VM) [OBSOLETO] |
20160114 |